'D' Facts By Category Quiz Stats

Quiz Updated May 28, 2016

Challenge
Share
Tweet
Embed
Score 0/45 Timer 07:00
9 Plays Today
% Correct
Discus
96.1%
Disney
95.9%
Days
94.8%
Denmark
92.6%
Detroit
92.5%
Darwin
92.3%
Denny's
92%
Diamond
91.8%
Dennis
91.3%
Dr Pepper
91%
Deuce
91%
Django
90.7%
Donkey
90.5%
Daisy
90.5%
Dyke
89.6%
Dartmouth
89.5%
December
87.6%
Dialect
86.5%
Dahl
86.2%
Dominoes
85.4%
Daffy
84.7%
Donner
84.4%
Datsun
82.8%
% Correct
Dynasty
82.4%
Damn
81.7%
Deuteronomy
80.9%
Dubnium
79.8%
Dreidel
78.4%
DeMille
77.8%
Doom
76.1%
Denomination
76%
Diatribe
75.4%
Dorian
75.3%
Duodenum
75.1%
Dunkirk
74.3%
Debussy
74.1%
Diva
71.2%
Diphthong
69.9%
Dharma
68%
Djembe
63.8%
Darius
61.8%
Dunces
61.2%
Disraeli
60.5%
Dun
58.2%
Dushanbe
55.7%

You're not logged in!

Compare scores with friends on all Sporcle quizzes.
Sign Up with Email
OR
Log In

You Might Also Like...

Show Comments

Extras

Top Quizzes Today


Score Distribution

Your Account Isn't Verified!

In order to create a playlist on Sporcle, you need to verify the email address you used during registration. Go to your Sporcle Settings to finish the process.